000
00347nam a2200145Ia 4500
008
210716s2002 xx 000 0 und d
041
_a
eng
082
_a
330 UDAS
100
_a
Udayashankar, S.
245
_a
Principles of economics.
250
_a
3
260
_a
Mangalore
_b
Mangala Publications
_c
2002
300
_a
168
650
_a
Economics
999
_c
200872
_d
200872